| 000 | 00656nam a2200205Ia 4500 | ||
|---|---|---|---|
| 003 | IN-BaIIA | ||
| 008 | 211028s9999 xx 000 0 eng d | ||
| 040 | _cIIA Library | ||
| 080 |
_a621.94 _bHOL-4 |
||
| 100 |
_aHoltzapffel, Chalres _9626 |
||
| 245 | 0 |
_aTurning and mechanical manipulation _bvol. IV, the practice of hand or simple turing _cCharles Holtzapffel |
|
| 260 |
_aLondon _bHoltzapffel _c1897 |
||
| 300 | _axix, 592p. | ||
| 490 | _aTurning and mechanical manipulation; v. IV | ||
| 650 | _aArchives | ||
| 650 |
_aGrinding machines _9627 |
||
| 650 |
_aLathes _9628 |
||
| 650 | _aNASA Thesaurus | ||
| 942 | _cBK | ||
| 999 |
_c309 _d309 |
||